[Event "Maria Teresa Mora Memorial op"]
[Site "Havana"]
[Date "2018.??.??"]
[Round "5"]
[White "Lopez Rippel, Ricardo"]
[Black "Menendez Garcia, Dayan"]
[Result "1-0"]
[WhiteElo "2033"]
[BlackElo "2017"]
[PlyCount "47"]
[EventDate "2018.03.08"]
[EventType "swiss"]
[EventRounds "9"]
[EventCountry "CUB"]
[SourceTitle "EXT 2021"]
[Source "ChessBase"]
[SourceDate "2020.10.23"]
[SourceVersion "1"]
[SourceVersionDate "2020.10.23"]
[SourceQuality "1"]

1. e4 e6 2. d4 d5 3. e5 c5 4. Nf3 cxd4 5. Qxd4 Nc6 6. Qf4 Qc7 7. c3 Nge7 8. Bd3 Ng6 9. Bxg6 hxg6 10. 0-0 Be7 11. Re1 Bd7 12. Nbd2 f6 13. c4 Nb4 14. Qg3 Kf7 15. cxd5 Nc2 16. d6 Qb6 17. dxe7 Nxa1 18. Nc4 Qb4 19. Nd6+ Kxe7 20. Qxg6 Raf8 21. Qxg7+ Kd8 22. Nf7+ Rxf7 23. Qxf7 Rf8 24. Qg7 1-0